000 00778nam a2200289Ia 4500
003 OSt
005 20220912150902.0
006 a|||||r|||| 00| 0
007 ta
008 220909b |||||||| |||| 00| 0 eng d
020 _a0471159646 (pbk)
024 _a4463
037 _bSelectbook,
037 _cTextual
040 _aCSL
_beng
_cCSL
041 _aeng
082 _aC, N4
100 _aSpeyer Edward
245 0 _aSix roads from Newton: great discoveries in physics
260 _aNew York
_b John Wiley Sons Inc
_c1994
300 _axi,196p
490 _aWiley popular science
500 _aAppendix A-F,165-189p; Index 191-196p
650 _aPhysics
942 _hC, N4
_cTEXL
_2CC
999 _c56872
_d56872